1670 1937 1969 1857 1601 1895 1395 1907 1744 1981 1856 1001 1963 1724 1180 1760 1802 1473 1172 1617 1074 1509 1981 1468 1095 1716 1717 1318 1740 1892 1350 1771 1346 1923 1573 1292 1050 1116 1217 1757 1033 1264 1189 1429 1624 1848 1973 1126 1862 1838 1588 1082 1932 1670 1783 1462 1898 1566 1309 1015 1316 1908 1481 1608 1082 1778 1576 1308 1058 1656 1404 1657 1845 1389 1218 1086 1266 1824 1028 1091 1878 1781 1729 1961 1066 1629 1735 1773 1509 1733 1565 1263 1814 1580 1519 1953 1540 1850 1822 BCNSPRNW ULIB Ver.6.0+V

เปลี่ยนเป็นภาษาไทย

Change to English
 แสดงรายละเอียดบรรณานุกรม
  กลับหน้าหลัก

Brief Record : Get Marc (ISO 2709) : E-mail record : QR code < ปิดหน้าต่าง
LEADER : 00000nam 2200000uu 4500
001    13399122499
003     ULIB
008    020711s|||| th a 000 0 tha d
020    9786117123092
090    นว.^bห289ส
100    หงษ์หยก
110    Green mind publishing
245    สิปาดัน...ฉันรักเธอ/^cหงษ์หยก
260    กรุงเทพฯ :^bGreen mind publishing,^cม.ป.ป.
300    376 หน้า
945    ^p249^l0^i19958
999    ^aทศพร เกษรทอง
รายการนี้ยังไม่มีแท็ก
คุณยังไม่ได้ล็อกอิน คุณสามารถมีกิจกรรมร่วมกับเว็บไซต์ได้ แต่ต้องล็อกอินก่อน ::
  ล็อกอิน

รายการสื่อสารสนเทศ

ลำดับที่ ประเภท เลขเรียก/บาร์โค้ด สถานที่ สถานะ
1. นวนิยาย
นวนิยาย
นว. ห289ส  
  Barcode: 19958
ห้องสมุดวิทยาเขตสวรรค์ประชารักษ์
►นวนิยาย
บนชั้น
  ขอยืม

รายการใกล้เคียง
    ผู้แต่ง [หงษ์หยก]

BibComment


ยังไม่เคยถูกคอมเมนท์

คอมเมนท์ทรัพยากรรายการนี้
  คอมเมนท์: สิปาดันฉันรักเธอ ..


 Copyright 2026. Bcnsprnw @Library